00575nam a22001937a 450000500170000001000150001702000300003203500140006203700130007608200120008910000180010124500480011925000090016726000340017627000790021030000250028950000190031470000480033320220216155150.0 aENG-130056 a978-93-90122-55-4c425.00 aEN-113588 bDBAD/PUB a954.035 aChandra,Bipan aHistory of Modern India: cby Bipan Chandra a2020 bOrient Blackswanc2020aIndia a3-6-752 Himayatnagare500029bHyderabadmcentraloffice@orientblackswan.com avi,351p.c20cm (pbk) aInclude index  a Kannabiran Vasanth , kannabiran Kalpana